In vitro studies on the antagonistic effect of Streptomyces lydicus against Phytophthora meadii (Record no. 50387)

MARC details
000 -LEADER
fixed length control field 00555nam a2200169Ia 4500
100 ## - MAIN ENTRY--AUTHOR NAME
Personal name Joseph K.[a]
245 #0 - TITLE STATEMENT
Title In vitro studies on the antagonistic effect of Streptomyces lydicus against Phytophthora meadii
260 ## - PUBLICATION, DISTRIBUTION, ETC. (IMPRINT)
Name of publisher IRRDB Symposium on Diseases of Hevea, 21-22 November 1994, Cochin, India, pp. 74-77
Year of publication 1994
300 ## - PHYSICAL DESCRIPTION
Number of Pages 74-77
650 ## - SUBJECT ADDED ENTRY--TOPICAL TERM
Topical Term Antagonism
650 ## - SUBJECT ADDED ENTRY--TOPICAL TERM
Topical Term Phytophthora meadii
650 ## - SUBJECT ADDED ENTRY--TOPICAL TERM
Topical Term Streptomyces lydicus
700 ## - ADDED ENTRY--PERSONAL NAME
Personal name Kothandaraman R.
700 ## - ADDED ENTRY--PERSONAL NAME
Personal name Mathew J.
942 ## - ADDED ENTRY ELEMENTS (KOHA)
Koha item type Bibliography STAF
Holdings
Withdrawn status Lost status Damaged status Not for loan Home library Current library Shelving location Date acquired Koha item type
      Bibliography RRII Library RRII Library Pathology 09/04/2014 Bibliography STAF